Elementary reader in english
Guardat en:
| Autor principal: | |
|---|---|
| Format: | Llibre |
| Idioma: | anglès |
| Publicat: |
Nueva York
Regents
1971
|
| Col·lecció: | Dixon English Series
|
| Matèries: | |
| Etiquetes: |
Afegir etiqueta
Sense etiquetes, Sigues el primer a etiquetar aquest registre!
|
MARC
| LEADER | 00000nam a2200000 a 4500 | ||
|---|---|---|---|
| 001 | UCQ2784 | ||
| 003 | CL-VaPUC | ||
| 008 | 980731e19710000US |||||||||||||||||eng|d | ||
| 082 | 0 | 4 | |a 428.07 |b DIX |2 21 |
| 100 | 0 | |a Dixson, Robert J |e author |9 416853 | |
| 245 | 1 | 0 | |a Elementary reader in english |
| 300 | |a 158 p | ||
| 942 | |c BK | ||
| 945 | |d 19980731 00:00:00 |a crobeson | ||
| 260 | |a Nueva York |b Regents |c 1971 | ||
| 650 | 0 | |a Inglés |9 260023 | |
| 650 | 0 | |a Enseñanza del inglés |9 367340 | |
| 650 | 0 | |a Educación lingüística |9 306506 | |
| 650 | 0 | |a Lectura |9 307634 | |
| 650 | 0 | |a Cuentos |9 308079 | |
| 583 | |a last modification |c 19980731 00:00:00 |k Rodrigo Vera | ||
| 490 | 0 | |a Dixon English Series | |
| 999 | |c 273550 |d 273548 | ||
| 952 | |0 0 |1 0 |4 0 |6 428_070000000000000_DIX_1971 |7 0 |8 A |9 309235 |a BIBEDU |b BIBEDU |d 2019-11-20 |i 1449699 |o 428.07 DIX 1971 |p 1449699 |r 2019-11-20 |w 2019-11-20 |y BK |k LIT | ||
| 952 | |0 0 |1 0 |4 0 |6 428_070000000000000_DIX_1971 |7 0 |8 A |9 309236 |a BIBEDU |b BIBEDU |d 2019-11-20 |i 1449818 |o 428.07 DIX 1971 |p 1449818 |r 2019-11-20 |w 2019-11-20 |y BK |k LIT | ||
| 952 | |0 0 |1 0 |4 0 |6 428_070000000000000_DIX_1971 |7 0 |8 A |9 309237 |a BIBEDU |b BIBEDU |d 2019-11-20 |i 1467484 |o 428.07 DIX 1971 |p 1467484 |r 2019-11-20 |w 2019-11-20 |y BK |k LIT | ||